Vocabulaire musical par lettre - C - Statistiques

Statistiques générales
  • Ce quiz a été pris 35 fois
  • Le résultat moyen est 8 sur 20
Statistiques - réponses
Hint Réponse % Correct
Elle donne un sens à la position des notes sur la portée clé
82%
Famille d'instruments dont la harpe fait partie cordes
76%
C'est celui qui dirige un (très) grand ensemble de musiciens chef d'orchestre
73%
Ce nom peut désigner un instrument à vents enroulé sur lui-même en cercle et se terminant par un large pavillon
cor
70%
Une noire en vaut deux croches
61%
Compléter la syncope : court long … court
58%
Lorsque le volume augmente crescendo
58%
Sans doute l'instrument transpositeur le plus connu de la sous-famille des bois clarinette
52%
Une octave en dessous du violoncelle contrebasse
48%
C'est une sous-famille des vents, le tuba en fait partie cuivres
45%
Pièce de certains instruments à cordes sur laquelle les cordes reposent chevalet
33%
Désigne l'époque musicale actuelle, dont Ligeti a appartenu contemporaine
33%
Désigne à la fois une époque musicale et, par extension, toute la musique "savante" européenne classique
30%
Instrument qui ne ressemble pas du tout au cor (contrairement à ce que son nom pourrait suggérer) mais plutôt au hautbois cor anglais
18%
Succession de notes espacées d'un demi-ton chromatisme
6%
Groupe de notes conjointes dissonantes, il est majoritairement joué au piano cluster
6%
Ce sont des chiffres qui décrivent un accord, déterminés par les intervalles entre la basse et chacune des notes de l'accord chiffrage
3%
Ce dernier dispose de cette partition qui lui permet de connaître toutes les parties instrumentales conducteur
3%
Des notes espacées au maximum d'un ton les unes des autres conjointes
3%
Le premier indique le nombre d'unités de temps, le second l'unité de temps (une puissance de 2) chiffres indicateurs de mesure
0%
Aucun quiz correspondant
Distribution des résultats
% des personnes avec chaque résultat
Percentile par nombre de réponses
Votre historique - résultats
Vous n’avez pas pris ce quiz